Biomedical digital signal processing : (Record no. 102)

MARC details
000 -LEADER
fixed length control field 01351nac a22002651u 4500
020 ## - INTERNATIONAL STANDARD BOOK NUMBER
International Standard Book Number 8120314786
082 00 - DEWEY DECIMAL CLASSIFICATION NUMBER
Classification number 610/.285
090 ## - LOCALLY ASSIGNED LC-TYPE CALL NUMBER (OCLC); LOCAL CALL NUMBER (OCLC)
-- 102
-- 102
100 ## - MAIN ENTRY--PERSONAL NAME
Personal name 20080729
245 00 - TITLE STATEMENT
Title Biomedical digital signal processing :
Remainder of title C-language examples and laboratory experiments for the IBM PC /
Statement of responsibility, etc Willis J. Tompkins, editor.
260 ## - PUBLICATION, DISTRIBUTION, ETC. (IMPRINT)
Place of publication, distribution, etc Englewood Cliffs, N.J. :
Name of publisher, distributor, etc Prentice Hall,
Date of publication, distribution, etc c1995
300 ## - PHYSICAL DESCRIPTION
Extent xiv, 368 p. :
Other physical details ill. ;
Dimensions 25 cm. +
Accompanying material 1 computer disk (3 1/2 in.)
500 ## - GENERAL NOTE
General note System requirements for computer disk: IBM PC or compatible; 640K RAM; hard disk (recommended); VGA, EGA, or Hercules monochrome graphics; math coprocessor (optional); supports Real Time Devices ADA2100 signal conversion board, Motorola 68HC11EVB board, and a virtual signal conversion device.
650 #0 - SUBJECT ADDED ENTRY--TOPICAL TERM
Topical term or geographic name as entry element Signal processing
General subdivision Digital techniques.
650 #0 - SUBJECT ADDED ENTRY--TOPICAL TERM
Topical term or geographic name as entry element Computers in medicine.
650 #0 - SUBJECT ADDED ENTRY--TOPICAL TERM
Topical term or geographic name as entry element Digital filters (Mathematics)
650 #0 - SUBJECT ADDED ENTRY--TOPICAL TERM
Topical term or geographic name as entry element IBM Personal Computer.
650 #0 - SUBJECT ADDED ENTRY--TOPICAL TERM
Topical term or geographic name as entry element C (Computer program language)
650 #0 - SUBJECT ADDED ENTRY--TOPICAL TERM
Topical term or geographic name as entry element Biomedical Engineering.
650 #0 - SUBJECT ADDED ENTRY--TOPICAL TERM
Topical term or geographic name as entry element Signal Processing, Computer Assisted.
650 #0 - SUBJECT ADDED ENTRY--TOPICAL TERM
Topical term or geographic name as entry element Programming Languages.
700 1# - ADDED ENTRY--PERSONAL NAME
Personal name Tompkins, Willis J.
942 ## - ADDED ENTRY ELEMENTS (KOHA)
Item type Book - Borrowing
Call number prefix 610.285
Holdings
Withdrawn status Item status Damaged status Not for loan Home library Current library Shelving location Date acquired Source of acquisition Total Checkouts Total Renewals Full call number Barcode Date last seen Date last borrowed Cost, replacement price Koha item type
        Central Library Central Library First floor 21/12/2005 Purchase 1 45 610.285 BIO 000004676 15/07/2025 19/10/2015 90.00 Book - Borrowing